Nghiên cứu điều chế cấu tử chính trong hương chanh II từ tinh dầu sả vùng Đồng Bằng Sông Cửu Long Luận văn tốt nghiệp Đại học Sư phạm ngành Hóa Khóa 17
Gardado en:
| Autor Principal: | |
|---|---|
| Formato: | Libro |
| Idioma: | Undetermined |
| Publicado: |
Cần Thơ
Trường Đại học Cần Thơ, Khoa Sư phạm, Bộ môn Hóa
1995
|
| Các nhãn: |
Engadir etiqueta
Sen Etiquetas, Sexa o primeiro en etiquetar este rexistro!
|
| Thư viện lưu trữ: | Trung tâm Học liệu Trường Đại học Cần Thơ |
|---|
| LEADER | 00779nam a2200181Ia 4500 | ||
|---|---|---|---|
| 001 | CTU_33774 | ||
| 008 | 210402s9999 xx 000 0 und d | ||
| 082 | |a 633.88 | ||
| 082 | |b Đ110/1995 | ||
| 100 | |a Nguyễn Văn Đạt | ||
| 245 | 0 | |a Nghiên cứu điều chế cấu tử chính trong hương chanh II từ tinh dầu sả vùng Đồng Bằng Sông Cửu Long | |
| 245 | 0 | |b Luận văn tốt nghiệp Đại học Sư phạm ngành Hóa Khóa 17 | |
| 245 | 0 | |c Nguyễn Văn Đạt | |
| 260 | |a Cần Thơ | ||
| 260 | |b Trường Đại học Cần Thơ, Khoa Sư phạm, Bộ môn Hóa | ||
| 260 | |c 1995 | ||
| 904 | |i Nguyễn Quang Điền, 991110 | ||
| 980 | |a Trung tâm Học liệu Trường Đại học Cần Thơ | ||